Migrácia a migranti v slovenskej spoločnosti v rokoch 2011-2015 výberová bibliografia (2. časť)

Bibliographic Details
Other Authors: Kobelová, Eva (Compiler), Hajtmánková, Miroslava, 1962- (Compiler)
Format: Software eBook
Language:Slovak
PhysicalDescription:1 elektronický optický disk (CD-ROM) 12 cm
Published: Bratislava Slovenská pedagogická knižnica 2016
Subjects:

MARC

LEADER 00000nam a2200000 a 4500
001 vtls011618856
003 SK-MaSNL
005 20260331210721.0
007 co bg auuua
008 170320s2016 xo | sb 001 0 slo
015 |a SNBS2017 
015 |a SNBSAB2016 
040 |a SNK  |b slo  |c SNK  |e AACR2 
041 0 |a slo 
043 |a e-xo--- 
044 |a xo  |c SK 
072 7 |a 314  |x Demografia. Populácia  |2 konspekt 
072 7 |a 01  |x Bibliografia. Katalógy  |2 konspekt 
080 |a 314.15-026.44  |2 2011 
080 |a 314.15  |2 2011 
080 |a 314.151.3-054.7  |2 2011 
080 |a 019.922  |2 2001 
080 |a (01)  |2 2011 
080 |a (437.6)  |2 2011 
080 |a 016  |2 2011 
080 |a (0.034.44)  |2 2011 
100 1 |a Kobelová, Eva  |4 com  |9 322988 
245 1 0 |a Migrácia a migranti v slovenskej spoločnosti v rokoch 2011-2015  |n (2. časť)  |h elektronický zdroj  |b výberová bibliografia  |c zostavili: Eva Kobelová, Miroslava Hajtmánková 
260 |a Bratislava  |b Slovenská pedagogická knižnica  |c 2016 
300 |a 1 elektronický optický disk (CD-ROM)  |c 12 cm 
500 |a Názov z titulnej obrazovky 
504 |a Bibliogr. obsahuje 202 zázn. ; aut. reg. 
516 |a Textový dokument (bibliografia), súbor vo formáte doc 
538 |a Technické požiadavky: textový editor 
648 7 |a 2011-2015  |2 SNKPH  |9 338032 
650 0 7 |a emigrácia a imigrácia  |2 SNKPH  |9 3821 
650 0 7 |a migrácia obyvateľstva  |2 SNKPH  |9 3839 
650 0 7 |a emigranti  |2 SNKPH  |9 19799 
650 0 7 |a Migration  |2 SNKPHeng  |9 302497 
650 0 7 |a Emigration and immigration  |2 SNKPHeng  |9 306318 
650 0 7 |a Emigrants  |2 SNKPHeng  |9 268553 
651 7 |a Slovensko  |2 SNKPH  |9 14231 
651 7 |a Slovakia  |2 SNKPHeng  |9 92630 
655 7 |a elektronické zdroje  |2 SNKPH  |9 90954 
655 7 |a CD-ROM  |2 SNKPH  |9 70236 
655 7 |a výberové bibliografie  |2 SNKPH  |9 70561 
655 7 |a Electronic resources  |2 SNKPHeng  |9 175546 
655 7 |a Selective bibliography  |2 SNKPHeng  |9 274272 
700 1 |a Hajtmánková, Miroslava,  |d 1962-  |4 com  |9 10067 
958 |a SF 
999 |c 935913  |d 937843 
952 |a SNK  |b SNK  |y PREZ  |7 0  |p 17A1256225  |o snkSCDM 7992/2  |i snk2017/7157  |8 0  |0 0  |1 0  |4 0  |d 2017-03-20  |l 0  |r 2026-02-24 09:02:54  |w 2026-02-24